Normal view
MARC view
Entry Topical Term
001 - CONTROL NUMBER
- control field: 1981
003 - CONTROL NUMBER IDENTIFIER
- control field: HDC
005 - DATE AND TIME OF LATEST TRANSACTION
- control field: 20230624073121.0
008 - FIXED-LENGTH DATA ELEMENTS
- fixed length control field: 210102|| aca||aabn | a|a d
040 ## - CATALOGING SOURCE
- Original cataloging agency: HDC
- Transcribing agency: HDC
150 ## - HEADING--TOPICAL TERM
- Topical term or geographic name entry element: Cruise lines
670 ## - SOURCE DATA FOUND
- Source citation: Work cat.: (HDC): Di Foggia, Giacomo author 1980, The economics and management of innovation in travel and tourism services, 2012
